Cuba's foreign policy and the promise of ALBA /
Guardado en:
| Autor principal: | |
|---|---|
| Formato: | Texto |
| Materias: | |
| Etiquetas: |
Agregar Etiqueta
Sin Etiquetas, Sea el primero en etiquetar este registro!
|
MARC
| LEADER | 00000 a a2200000 04500 | ||
|---|---|---|---|
| 001 | 10050 | ||
| 003 | |||
| 040 | |||
| 100 | |a Suárez Salazar, Luis | ||
| 245 | |a Cuba's foreign policy and the promise of ALBA / |c Luis Suárez Salazar | ||
| 650 | |a POLITICA EXTERIOR | ||
| 650 | |a COOPERACION ECONOMICA | ||
| 650 | |a POLITICA ENERGETICA | ||
| 650 | |a ACUERDOS INTERNACIONALES | ||
| 650 | |a CUBA | ||
| 650 | |a VENEZUELA | ||
| 773 | |g volumen 39, número 4; páginas 27-32 | ||
| 999 | |c 29390 |d 29390 | ||
